Welcome to the Holygrace Academy Library

Please use search bar below to get started

BROKEN HEARTS (Record no. 2503)

MARC details
000 -LEADER
fixed length control field 00281nam a22001337a 4500
020 ## - INTERNATIONAL STANDARD BOOK NUMBER
ISBN 81-286-0839-8
082 ## - DEWEY DECIMAL CLASSIFICATION NUMBER
Classification number 823
Item number MCG/B
100 ## - MAIN ENTRY--AUTHOR NAME
Personal name McGUIRE, LIZZIE
245 ## - TITLE STATEMENT
Title BROKEN HEARTS
260 ## - PUBLICATION, DISTRIBUTION, ETC. (IMPRINT)
Place of publication MUMBAI
Name of publisher EURO BOOKS
Year of publication 2007
300 ## - PHYSICAL DESCRIPTION
Number of Pages 138
650 ## - SUBJECT ADDED ENTRY--TOPICAL TERM
Topical Term NOVEL
Geographic subdivision INDIA
942 ## - ADDED ENTRY ELEMENTS (KOHA)
Koha item type Books
Holdings
Withdrawn status Lost status Collection code Home library Current library Shelving location Date acquired Source of acquisition Cost, normal purchase price Full call number Accession Number Koha item type
    Reference Main Library Main Library SHELF 1-J-ENGLISH NOVELS FOR TEACHERS 30/01/2019 purchase 50.00 823 MCG/B 10854 Books